Oliver Sacks, L’œil de l’esprit . Trad. de l’anglais (États-Unis) par C. Cler. Seuil, 2012, 288 pages, 22,50 € (notice n° 2058064)
[ vue normale ]
| 000 -LEADER | |
|---|---|
| fixed length control field | 00529cam a2200145 4500500 |
| 005 - DATE AND TIME OF LATEST TRANSACTION | |
| control field | 20260405002459.0 |
| 041 ## - LANGUAGE CODE | |
| Language code of text/sound track or separate title | fre |
| 042 ## - AUTHENTICATION CODE | |
| Authentication code | dc |
| 100 10 - MAIN ENTRY--PERSONAL NAME | |
| Personal name | Ribereau-Gayon, Philippe |
| Relator term | author |
| 245 00 - TITLE STATEMENT | |
| Title | Oliver Sacks, L’œil de l’esprit . Trad. de l’anglais (États-Unis) par C. Cler. Seuil, 2012, 288 pages, 22,50 € |
| 260 ## - PUBLICATION, DISTRIBUTION, ETC. | |
| Date of publication, distribution, etc. | 2012.<br/> |
| 500 ## - GENERAL NOTE | |
| General note | 15 |
| 786 0# - DATA SOURCE ENTRY | |
| Note | Études | 417 | 7 | 2012-07-01 | p. XV-XV | 0014-1941 |
| 856 41 - ELECTRONIC LOCATION AND ACCESS | |
| Uniform Resource Identifier | <a href="https://shs.cairn.info/revue-etudes-2012-7-page-XV?lang=fr&redirect-ssocas=7080">https://shs.cairn.info/revue-etudes-2012-7-page-XV?lang=fr&redirect-ssocas=7080</a> |
Pas d'exemplaire disponible.




Réseaux sociaux